NFL MVPs since 2000 - Statistics

General Stats
  • This quiz has been taken 173 times
  • The average score is 23 of 26
Answer Stats
Year Team Answer % Correct
2024 Bills Josh Allen
100%
2023 Ravens Lamar Jackson
100%
2019 Ravens Lamar Jackson
100%
2022 Chiefs Patrick Mahomes
100%
2018 Chiefs Patrick Mahomes
100%
2017 Patriots Tom Brady
100%
2010 Patriots Tom Brady
100%
2007 Patriots Tom Brady
100%
2021 Packers Aaron Rodgers
99%
2020 Packers Aaron Rodgers
99%
2014 Packers Aaron Rodgers
99%
2011 Packers Aaron Rodgers
99%
2015 Panthers Cam Newton
98%
2013 Broncos Peyton Manning
98%
2009 Colts Peyton Manning
98%
2008 Colts Peyton Manning
98%
2004 Colts Peyton Manning
98%
2003 Colts Peyton Manning
98%
2016 Falcons Matt Ryan
95%
2012 Vikings Adrian Peterson
87%
2006 Chargers LaDainian Tomlinson
76%
2001 Rams Kurt Warner
73%
2000 Rams Marshall Faulk
57%
2005 Seahawks Shaun Alexander
55%
2003 Titans Steve McNair
44%
2002 Raiders Rich Gannon
43%
No matching quizzes found
Score Distribution
Percent of People with Each Score
Percentile by Number Answered
Your Score History
You have not taken this quiz